00423nam a22001337a 450000500170000000800410001704100230005808200120008110000120009324500680010526000660017330000250023965000250026420240822091216.0240822b |||||||| |||| 00| 0 eng d aEnglish/Afrikaans  a349 UNI lEnglish aThe Union Statutes: Classified and Annotated Reprint 1910-1947  aDurban: bButterworth and Company (South Africa) Ltd, c1964  b970 pages; c25 cm.  aLegal practice bLaw